Roman amphora contents : reflecting on the maritime trade of foodstuffs in antiquity : in honour of Migeul Beltrán Lloris : proceedings of the Roman Amphora Contents International International Conference (RACIIC) (RACIIC) (Cádiz, 5-7 October 2015) /
Presents the results of the RACIIC International Congress (Roman Amphora Contents International Interactive Conference, Cádiz, 2015), dedicated to the distinguished Spanish amphorologist Miguel Beltrán Lloris. This volume aims to reflect on the current state of knowledge about the palaeocontents of...
مؤلف مشترك:
مؤلفون آخرون: , , , ,
التنسيق: وقائع المؤتمر كتاب الكتروني
اللغة: English
منشور في:
Oxford :
Archaeopress Publishing Ltd.,
2021.
سلاسل:
Roman and late antique Mediterranean pottery ;
17.
الموضوعات:
الوصول للمادة أونلاين: Login to view Source
الوسوم: إضافة وسم
رقم الطلب: NK3850
| LEADER | 02572nam a2200493 i 4500 | ||
|---|---|---|---|
| 001 | EDZ0002644712 | ||
| 003 | StDuBDS | ||
| 005 | 20230412183201.0 | ||
| 006 | m|||||o||d|||||||| | ||
| 007 | cr ||||||||||| | ||
| 008 | 211108s2021 enka fob 110|0|eng|d | ||
| 020 | |a 9781803270630 (PDF ebook) : |c No price | ||
| 040 | |a StDuBDS |b eng |c StDuBDS |e rda |e pn | ||
| 050 | 4 | |a NK3850 | |
| 082 | 0 | 4 | |a 738.0937 |2 23 |
| 111 | 2 | |a Roman Amphora Contents International Interactive Conference |d (2015 : |c Cádiz, Spain), |j creator. | |
| 245 | 1 | 0 | |a Roman amphora contents : |b reflecting on the maritime trade of foodstuffs in antiquity : in honour of Migeul Beltrán Lloris : proceedings of the Roman Amphora Contents International International Conference (RACIIC) (RACIIC) (Cádiz, 5-7 October 2015) / |c edited by Darío Bernal-Casasola, Michel Bonifay, Alessandra Pecci and Victoria Leitch. |
| 264 | 1 | |a Oxford : |b Archaeopress Publishing Ltd., |c 2021. | |
| 300 | |a 1 online resource (512 pages) : |b illustrations (black and white, and colour). | ||
| 336 | |a text |2 rdacontent | ||
| 336 | |a still image |2 rdacontent | ||
| 337 | |a computer |2 rdamedia | ||
| 338 | |a online resource |2 rdacarrier | ||
| 490 | 1 | |a Roman and late antique Mediterranean pottery ; |v 17 | |
| 500 | |a Also issued in print: 2021. | ||
| 500 | |a Conference proceedings. | ||
| 504 | |a Includes bibliographical references. | ||
| 520 | 8 | |a Presents the results of the RACIIC International Congress (Roman Amphora Contents International Interactive Conference, Cádiz, 2015), dedicated to the distinguished Spanish amphorologist Miguel Beltrán Lloris. This volume aims to reflect on the current state of knowledge about the palaeocontents of Roman amphorae. | |
| 521 | |a Specialized. | ||
| 588 | |a Description based on online resource; title from PDF title page (viewed on December 1, 2021). | ||
| 650 | 0 | |a Pottery, Roman |v Congresses. | |
| 650 | 0 | |a Amphoras |z Rome |v Congresses. | |
| 650 | 0 | |a Shipping |z Rome |v Congresses. | |
| 651 | 0 | |a Rome |x Commerce |v Congresses. | |
| 700 | 1 | |a Beltrán Lloris, Miguel, |e honouree. | |
| 700 | 1 | |a Bernal-Casasola, Darío, |e editor. | |
| 700 | 1 | |a Bonifay, Michel, |d 1957- |e editor. | |
| 700 | 1 | |a Pecci, Alessandra, |e editor. | |
| 700 | 1 | |a Leitch, Victoria, |e editor. | |
| 830 | 0 | |a Roman and late antique Mediterranean pottery ; |v 17. | |
| 856 | 4 | 0 | |3 Archaeopress |u http://library.arce.org:8087/Archaeopress/Products/9781803270623 |
| 942 | |2 lcc |c EBOOK | ||
| 952 | |0 0 |1 0 |4 0 |6 NK3850 |7 1 |9 46875 |a ARCH |b ARCH |d 2023-04-12 |l 0 |o NK3850 |r 2023-04-12 00:00:00 |w 2023-04-12 |y EBOOK | ||
| 999 | |c 52533 |d 52533 | ||
